| 000 | 00398nam a22001577a 4500 | ||
|---|---|---|---|
| 005 | 20200528115618.0 | ||
| 008 | 200528b xxu||||| |||| 00| 0 eng d | ||
| 041 | _aeng | ||
| 082 | _a340 | ||
| 100 |
_aBARE ACT _95744 |
||
| 245 | _aTHE MEDICINAL AND TOILET PREPARATIONS ACT, 1955(16-1955) | ||
| 260 |
_aDELHI _bPROFESSIONALS BOOK PUBLISHERS |
||
| 300 | _a12;p | ||
| 650 |
_aLAW _95701 |
||
| 942 | _cBK | ||
| 999 |
_c6582 _d6580 |
||